The Reader's Digest medical question & answer book. (Record no. 6988)

MARC details
000 -LEADER
fixed length control field 00493nam a2200169Ia 4500
003 - CONTROL NUMBER IDENTIFIER
control field GBCCL
005 - DATE AND TIME OF LATEST TRANSACTION
control field 20241126110616.0
008 - FIXED-LENGTH DATA ELEMENTS--GENERAL INFORMATION
fixed length control field 180705b ||||| |||| 00| 0 eng d
040 ## - CATALOGING SOURCE
Transcribing agency GBC
082 ## - DEWEY DECIMAL CLASSIFICATION NUMBER
Classification number 610
Item number REA
245 ## - TITLE STATEMENT
Title The Reader's Digest medical question & answer book.
260 ## - PUBLICATION, DISTRIBUTION, ETC.
Name of publisher, distributor, etc. "THE READER'S DIGEST ASSOCIATION, INC."
260 ## - PUBLICATION, DISTRIBUTION, ETC.
Date of publication, distribution, etc. 1983.
Place of publication, distribution, etc. Sydney:
Name of publisher, distributor, etc. Reader's Digest Services
300 ## - PHYSICAL DESCRIPTION
Extent 639p.
Dimensions 23cm
610 ## - SUBJECT ADDED ENTRY--CORPORATE NAME
Subordinate unit Medicine, Popular works
Title of a work Miscellanea
9 (RLIN) 12434
942 ## - ADDED ENTRY ELEMENTS (KOHA)
Source of classification or shelving scheme Dewey Decimal Classification
Koha item type Reference Books
Holdings
Withdrawn status Lost status Source of classification or shelving scheme Damaged status Not for loan Home library Current Library Shelving location Date acquired Total checkouts Full call number Barcode Date last seen Copy number Price effective from Koha item type
    Dewey Decimal Classification     GRACE BIBLE COLLEGE GRACE BIBLE COLLEGE Encyclopedia 2018-07-05   610 REA 003462 2025-05-01 c.1 2018-07-05 Reference Books
© Grace Bible College Library 2025